Diccionario de ciencias de la conducta
Tallennettuna:
| Päätekijä: | |
|---|---|
| Aineistotyyppi: | Kirja |
| Kieli: | espanja |
| Julkaistu: |
Ciudad de México
Trillas
1984
|
| Aiheet: | |
| Tagit: |
Lisää tagi
Ei tageja, Lisää ensimmäinen tagi!
|
MARC
| LEADER | 00000nam a2200000 a 4500 | ||
|---|---|---|---|
| 001 | UCQ7907 | ||
| 003 | CL-VaPUC | ||
| 008 | 981121e19840000MX |||||||||||||||||spa|d | ||
| 082 | 0 | 4 | |a 150.3 |b WOL |2 21 |
| 100 | 0 | |a Wolman, Benjamin B |e author |9 421703 | |
| 245 | 1 | 0 | |a Diccionario de ciencias de la conducta |
| 300 | |a 395 p | ||
| 942 | |c BK | ||
| 945 | |d 19981121 00:00:00 |a crobeson | ||
| 260 | |a Ciudad de México |b Trillas |c 1984 | ||
| 650 | 7 | |a CIENCIAS DE LA CONDUCTA |2 CL-VaPUC |9 421704 | |
| 650 | 0 | |a Psicología |9 257863 | |
| 650 | 0 | |a Diccionarios |9 256200 | |
| 583 | |a last modification |c 19981121 00:00:00 |k Rodrigo Vera | ||
| 999 | |c 277283 |d 277281 | ||
| 952 | |0 0 |1 0 |4 0 |6 150_300000000000000_WOL_1984 |7 0 |8 A |9 315168 |a FDOPOS |b FDOPOS |d 2019-11-20 |i 1493760 |o 150.3 WOL 1984 |p 1493760 |r 2019-11-20 |w 2019-11-20 |y BK |k MLA | ||